000 00656cab a2200217 4500
001 WB2903-82
008 090401t1993 xxu||||| |||| 00| 0 eng d
035 _a(Sirsi) u32212
041 _aeng
245 _aCost of not having a mortgage
260 _c1993
350 _a0
490 _aDaily Telegraph
_v21 January 1993, 4(1)
520 _aHomebuyers paying cash rather than having a mortgage could forego tax benefits of £640 a year according to the chartered accountants Grant Thornton.
650 _aMIRAS
650 _aMORTGAGE INTEREST RELIEF AT SOURCE
650 _aMORTGAGES
690 _aTAXATION
942 _n0
948 _c04/03/1997
999 _c21617
_d21617